Представление документа в формате RUSMARC

ПолеНазваниеЗначение
  Тип записи a
  Библиографический уровень a
001 Контрольный номер UONB/MAIN/db529a83cd214bf493619ab8e3e6c120
005 Дата корректировки 20260515163512.8
100 Данные общей обработки __
a Данные общей обработки 20260515 ||| 0rusy0189 ca
101 Язык документа 0_
a Язык текста rus
102 Страна публикации __
a Страна публикации RU
200 Заглавие и сведения об ответственности 1_
a Заглавие Ушедший в бессмертие
203 Вид содержания и тип средства __
a Вид содержания Текст
b Характеристика содержания визуальный
c Тип средства непосредственный
215 Физическое описание __
c Иллюстрации/тип воспроизводства ил., портр.
330 Аннотация __
a Аннотация Артур Малафеев - уроженец рабочего поселка Вешкайма, участник СВО, посмертно награжден орденом Мужества.
461 Уровень набора _0
1 2000
a Вешкаймские вести
463 Уровень физической единицы _0
1 2000
a № 9 (9792) (4 марта)
v С. 5
1 2101
d 2026
1 001UONB/MAIN/7dcd9f08b8324437b6bde3c26bb96661
600 Персоналии _1
a Персоналии (Фамилия) Малафеев
b Персоналии (Имя, инициалы) А.
g Полное имя Артур
607 Географические рубрики __
a Географическое наименование Вешкайма, рабочий поселок (Вешкаймский район ; Ульяновская область)
610 Ключевые слова 0_
a Ключевые слова участники СВО; орден Мужества; медаль "За боевые заслуги"
686 Индексы других классификаций __
2 Код системы rubbk
a Классификационный индекс 68.42
801 Источник записи _0
a Страна RU
b Организация Ульяновская ОНБ
c Дата составления 20260515
g Правила каталогизации RCR
801 Источник записи _1
a Страна RU
b Организация Ульяновская ОНБ
c Дата составления 20260515
g Правила каталогизации RCR
901 Тип документа __
t Тип документа f
w Контрольный № источника UONB/MAIN/7dcd9f08b8324437b6bde3c26bb96661
909 Создатель записи __
a Создатель записи Логинова
b Дата создания записи 20260515